00492nam a2200181Ia 4500003000900000008004100009020002200050040001600072080001900088100002100107245005300128260004000181300001500221650001100236650002100247650002000268700002200288IN-BaIIA211028s9999 xx 000 0 eng d a978-0-470-38771-9 cIIA Library a535.215.2bMIL aMilonni, Peter W 0aLaser physicscPeter W. Milonni and J. H. Eberly aNew JerseybJohn Wiley & Sonsc2010 axiv, 830p. aLasers aNonlinear optics aPhysical optics aEberly, Joseph H.